[Event "Lewisham International 4th"]
[Site "Catford Cricket Club"]
[Date "1984.09.??"]
[Round "8"]
[White "Gallagher, Joseph G"]
[Black "Arkell, Keith C"]
[Result "1/2-1/2"]
[WhiteElo "2295"]
[BlackElo "2345"]
[PlyCount "164"]
[EventDate "1984.09.04"]
[EventType "swiss"]
[EventRounds "9"]
[EventCountry "ENG"]
[SourceTitle "Giddins, Steve"]

1. e4 e6 2. d4 d5 3. Nc3 Bb4 4. e5 Qd7 5. Bd2 b6 6. Nf3 Ba6 7. Bxa6 Nxa6 8. Qe2
Nb8 9. O-O Ne7 10. Nd1 Bxd2 11. Qxd2 c5 12. Ne3 Nbc6 13. c3 O-O 14. h4 f6 15.
exf6 Rxf6 16. Ng5 h6 17. Nh3 e5 18. dxe5 Nxe5 19. f4 N5c6 20. Rae1 d4 21. Nc4
Qg4 22. cxd4 cxd4 23. Ne5 Qxh4 24. Nf3 Qh5 25. Nxd4 Qc5 26. Qc3 Qxc3 27. bxc3
Nd5 28. Nb5 Rc8 29. c4 Ndb4 30. Nc3 Rd8 31. Rd1 Nd4 32. Nd5 Ne2+ 33. Kh2 Nxd5
34. Rxd5 Rxd5 35. cxd5 Nc3 36. g4 Nxd5 37. f5 Rc6 38. Rd1 Rc2+ 39. Kg3 Rc3+ 40.
Kh4 Rc5 41. Kh5 Kf7 42. g5 Ra5 43. Rd4 hxg5 44. Kxg5 Ne7 45. Rd7 Ke8 46. Rb7
Rxf5+ 47. Kg4 Ra5 48. Ng5 Nd5 49. Rxg7 Nf6+ 50. Kf3 Ra3+ 51. Ke2 Rxa2+ 52. Kd3
Ra4 53. Rb7 Nd7 54. Kc3 Ra5 55. Ne4 Kd8 56. Kb4 Rd5 57. Kc4 Re5 58. Nd6 Rc5+
59. Kd4 Ra5 60. Nc4 Ra4 61. Kc3 Nc5 62. Rh7 Nd7 63. Nd6 Nc5 64. Nc4 Kc8 65.
Nd6+ Kb8 66. Nb5 a6 67. Na7 Re4 68. Nc6+ Kc8 69. Na7+ Kd8 70. Nc6+ Ke8 71. Ra7
Ra4 72. Re7+ Kf8 73. Ra7 b5 74. Kb2 Re4 75. Nb8 Rb4+ 76. Kc2 Ra4 77. Rc7 Ne6
78. Ra7 Nc5 79. Rc7 Ne6 80. Ra7 Nd4+ 81. Kd3 Nb3 82. Kc2 Nc5 1/2-1/2

[Event "Lewisham International 4th"]
[Site "Catford Cricket Club"]
[Date "1984.09.??"]
[Round "8"]
[White "Garcia Olasagasti, Leontxo"]
[Black "Davies, Nigel Rodney"]
[Result "0-1"]
[WhiteElo "2280"]
[BlackElo "2340"]
[PlyCount "60"]
[EventDate "1984.09.04"]
[EventType "swiss"]
[EventRounds "9"]
[EventCountry "ENG"]
[SourceTitle "Giddins, Steve"]

1. d4 Nf6 2. c4 d6 3. Nc3 g6 4. e4 Bg7 5. f4 O-O 6. Nf3 c5 7. d5 e6 8. Be2 exd5
9. cxd5 Bg4 10. O-O Bxf3 11. Bxf3 Nbd7 12. g4 a6 13. g5 Ne8 14. a4 Nc7 15. Bg4
Re8 16. e5 Nf8 17. Qf3 Kh8 18. Be3 dxe5 19. Rad1 e4 20. Qh3 b5 21. f5 gxf5 22.
Bxf5 b4 23. Bxh7 Nxh7 24. Rxf7 Qd6 25. Ne2 Kg8 26. Bf4 Nxg5 27. Qh5 Re5 28. Rf5
Rxf5 29. Bxd6 Nf3+ 30. Qxf3 exf3 0-1

[Event "Lewisham International 4th"]
[Site "Catford Cricket Club"]
[Date "1984.09.??"]
[Round "8"]
[White "Hanreck, Alan E"]
[Black "Wall, Tim"]
[Result "1-0"]
[WhiteElo "2275"]
[BlackElo "2220"]
[PlyCount "63"]
[EventDate "1984.09.04"]
[EventType "swiss"]
[EventRounds "9"]
[EventCountry "ENG"]
[SourceTitle "Giddins, Steve"]

1. c4 Nf6 2. Nc3 g6 3. g3 Bg7 4. Bg2 O-O 5. e4 d6 6. Nge2 c5 7. O-O Nc6 8. d3
Ne8 9. f4 f5 10. Be3 Nc7 11. exf5 Bxf5 12. d4 cxd4 13. Nxd4 Bd7 14. Rc1 Kh8 15.
Qd2 Qe8 16. Nd5 Rc8 17. Nxc7 Rxc7 18. Nb5 Rc8 19. Nxa7 Ra8 20. Nxc6 bxc6 21. b3
Ra3 22. Bd4 Qf7 23. Bb2 Ra6 24. c5 Rfa8 25. Bxg7+ Qxg7 26. a4 Rb8 27. cxd6 exd6
28. Qxd6 Rxb3 29. Rcd1 Be8 30. Rfe1 Qa7+ 31. Kh1 Re3 32. Qf8# 1-0

[Event "Lewisham International 4th"]
[Site "Catford Cricket Club"]
[Date "1984.09.??"]
[Round "8"]
[White "Hebden, Mark L"]
[Black "Pein, Malcolm"]
[Result "1-0"]
[WhiteElo "2480"]
[BlackElo "2280"]
[PlyCount "80"]
[EventDate "1984.09.04"]
[EventType "swiss"]
[EventRounds "9"]
[EventCountry "ENG"]
[SourceTitle "Giddins, Steve"]

1. e4 e6 2. d4 d5 3. Nc3 Bb4 4. e5 Ne7 5. Qg4 Nf5 6. Nf3 Nc6 7. Bd3 h5 8. Qf4
Nce7 9. O-O b6 10. Qd2 c5 11. a3 Ba5 12. b4 cxb4 13. Nb5 b3 14. Qg5 bxc2 15.
Ra2 Ba6 16. Rxc2 Rc8 17. Rxc8 Nxc8 18. Qxd8+ Kxd8 19. Bg5+ Nce7 20. Rc1 Bxb5
21. Bxb5 Rf8 22. h3 f6 23. exf6 gxf6 24. Bf4 Ng6 25. Bb8 Rf7 26. Ba6 Rd7 27.
Bc8 Re7 28. Rc6 Nf8 29. Kf1 h4 30. Ba6 Ke8 31. Bd3 Kf7 32. Bxf5 exf5 33. Bd6
Rd7 34. Bxf8 Kxf8 35. Nxh4 b5 36. Nxf5 Kf7 37. g4 b4 38. axb4 Bxb4 39. Ra6 Bd2
40. Kg2 Rb7 1-0

[Event "Lewisham International 4th"]
[Site "Catford Cricket Club"]
[Date "1984.09.14"]
[Round "9"]
[White "Arkell, Keith C"]
[Black "Ady, Jonathan James"]
[Result "0-1"]
[WhiteElo "2345"]
[BlackElo "2290"]
[PlyCount "154"]
[EventDate "1984.09.04"]
[EventType "swiss"]
[EventRounds "9"]
[EventCountry "ENG"]
[SourceTitle "Giddins, Steve"]

1. Nf3 Nf6 2. c4 g6 3. g3 Bg7 4. Bg2 O-O 5. O-O d6 6. d4 Nc6 7. d5 Na5 8. Nfd2
c5 9. Qc2 a6 10. Nc3 Rb8 11. Rb1 b5 12. cxb5 axb5 13. b4 cxb4 14. Rxb4 Qc7 15.
Qd3 Ng4 16. Nxb5 Qc5 17. Qb1 Bc3 18. Nxc3 Rxb4 19. Qa1 Qd4 20. h3 Nf6 21. Nf3
Qb6 22. Be3 Qb8 23. Bh6 Rd8 24. Ng5 Rb2 25. Qc1 Ba6 26. Qe3 Qc7 27. Rc1 Nc4 28.
Qf4 Nd2 29. Kh2 Qd7 30. Qd4 Rdb8 31. Nxh7 Kxh7 32. Bxd2 Qf5 33. Qa7 Rh8 34. Be3
Bb7 35. Qa3 Rc2 36. Rxc2 Qxc2 37. Bd4 Qf5 38. Bxf6 exf6 39. e4 Qh5 40. Qb3 Bc8
41. Qc4 Kg7 42. Qf1 Qe5 43. Qd3 g5 44. Ne2 Bxh3 45. Bxh3 g4 46. Nd4 Rxh3+ 47.
Kg2 Kh8 48. Qc2 Kh7 49. Ne2 Qh5 50. Nf4 Rh2+ 51. Kf1 Rh1+ 52. Ke2 Qe5 53. Ng2
f5 54. Ne3 Qxe4 55. Qxe4 fxe4 56. Nxg4 Kg6 57. Ne3 Rc1 58. f3 f5 59. g4 f4 60.
Nf5 e3 61. Nxd6 Rc2+ 62. Ke1 Rxa2 63. Ne4 Kf7 64. Kf1 Ra5 65. d6 Ke6 66. g5
Ra1+ 67. Ke2 Rg1 68. Nc5+ Kxd6 69. Nd3 Rg2+ 70. Kf1 Rxg5 71. Nxf4 Ke5 72. Ne2
Rg8 73. Ke1 Rg2 74. Kd1 Rf2 75. f4+ Ke4 76. Ke1 Kf3 77. Ng1+ Kg2 0-1

[Event "Lewisham International 4th"]
[Site "Catford Cricket Club"]
[Date "1984.09.14"]
[Round "9"]
[White "Davies, Nigel Rodney"]
[Black "Bellin, Robert"]
[Result "1/2-1/2"]
[WhiteElo "2340"]
[BlackElo "2370"]
[PlyCount "55"]
[EventDate "1984.09.04"]
[EventType "swiss"]
[EventRounds "9"]
[EventCountry "ENG"]
[SourceTitle "Giddins, Steve"]

1. e4 e5 2. Nf3 Nc6 3. Bb5 d6 4. d4 Bd7 5. Bxc6 Bxc6 6. Nc3 Nf6 7. Qd3 Nd7 8.
Be3 exd4 9. Bxd4 f6 10. O-O-O Ne5 11. Qe2 Nxf3 12. gxf3 Qe7 13. Qc4 a6 14. Nd5
Qf7 15. Rhe1 Rc8 16. Qc3 Be7 17. Nxe7 Qxe7 18. e5 dxe5 19. Bxe5 O-O 20. Bd6
Qxd6 21. Rxd6 cxd6 22. Re7 Rfe8 23. Qe3 d5 24. Qe6+ Kh8 25. Kd2 Rxe7 26. Qxe7
Re8 27. Qf7 h6 28. b3 1/2-1/2

[Event "Lewisham International 4th"]
[Site "Catford Cricket Club"]
[Date "1984.09.14"]
[Round "9"]
[White "Hebden, Mark L"]
[Black "De Boer, Gert Jan"]
[Result "1/2-1/2"]
[WhiteElo "2480"]
[BlackElo "2335"]
[PlyCount "98"]
[EventDate "1984.09.04"]
[EventType "swiss"]
[EventRounds "9"]
[EventCountry "ENG"]
[SourceTitle "Giddins, Steve"]

1. e4 c6 2. c4 d5 3. exd5 cxd5 4. cxd5 Qxd5 5. Nc3 Qd6 6. Nf3 Nf6 7. d4 e6 8.
Bd3 Nc6 9. O-O Be7 10. Bg5 O-O 11. Rc1 Rd8 12. Qe2 Nb4 13. Bb1 Nbd5 14. Ne5 Bd7
15. Nxd5 exd5 16. Nxd7 Rxd7 17. Rfe1 g6 18. Qf3 Nh5 19. Be3 Qf6 20. Qg4 Rad8
21. Bh6 Ng7 22. g3 Ne6 23. Rcd1 Rc7 24. h4 Bf8 25. Bxf8 Kxf8 26. h5 Kg7 27.
hxg6 hxg6 28. b3 Rc3 29. Re5 Qf3 30. Qxf3 Rxf3 31. Bd3 Nxd4 32. Re7 Rb8 33. Rd7
Nc6 34. Rxd5 Nb4 35. Be4 Nxd5 36. Bxf3 Nf6 37. b4 b6 38. a4 Rc8 39. a5 bxa5 40.
bxa5 Kf8 41. Rb1 Rc7 42. Rb8+ Ke7 43. Kg2 Nd7 44. Ra8 Kd6 45. a6 Kc5 46. Bb7
Kb6 47. Rd8 Ka5 48. Bd5 Nb6 49. Ba2 Kxa6 {remaining moves unintelligible}
1/2-1/2

[Event "Lewisham International 4th"]
[Site "Catford Cricket Club"]
[Date "1984.09.14"]
[Round "9"]
[White "Singh, PK."]
[Black "Pein, Malcolm"]
[Result "0-1"]
[WhiteElo "2260"]
[BlackElo "2280"]
[PlyCount "50"]
[EventDate "1984.09.04"]
[EventType "swiss"]
[EventRounds "9"]
[EventCountry "ENG"]
[SourceTitle "Giddins, Steve"]

1. e4 g6 2. d4 d6 3. Nc3 Bg7 4. f4 Nf6 5. Nf3 O-O 6. Bd3 Na6 7. O-O c5 8. Bxa6
cxd4 9. Nxd4 bxa6 10. Kh1 Bb7 11. Qd3 Qa5 12. Be3 Nxe4 13. Nxe4 Qd5 14. Bg1
Qxe4 15. Qxe4 Bxe4 16. Rae1 f5 17. Ne6 Rfc8 18. Nxg7 Rxc2 19. Rxe4 fxe4 20. Ne6
Rxb2 21. f5 Rab8 22. fxg6 hxg6 23. h4 Rb1 24. Rf4 e3 25. Re4 R8b4 0-1

[Event "Lewisham International 4th"]
[Site "Catford Cricket Club"]
[Date "1984.09.14"]
[Round "9"]
[White "Strauss, David J"]
[Black "Orr, Mark JL"]
[Result "1/2-1/2"]
[WhiteElo "2425"]
[BlackElo "2275"]
[PlyCount "100"]
[EventDate "1984.09.04"]
[EventType "swiss"]
[EventRounds "9"]
[EventCountry "ENG"]
[SourceTitle "Giddins, Steve"]

1. Nf3 Nf6 2. c4 e6 3. Nc3 d5 4. d4 c5 5. cxd5 Nxd5 6. e4 Nxc3 7. bxc3 cxd4 8.
cxd4 Nc6 9. Be2 Bb4+ 10. Bd2 Bxd2+ 11. Qxd2 O-O 12. Rc1 Qd6 13. O-O Rd8 14.
Rfd1 Bd7 15. h4 Ne7 16. e5 Qb6 17. Rb1 Qc7 18. Ng5 h6 19. Ne4 Bc6 20. Nd6 Nc8
21. Nc4 Qd7 22. Qf4 Qd5 23. Ne3 Qe4 24. Qxe4 Bxe4 25. Bd3 Bxd3 26. Rxd3 Nb6 27.
Rb4 Rab8 28. Ra3 Nc8 29. f4 Ne7 30. Rab3 b6 31. Rc4 Nd5 32. Nxd5 Rxd5 33. Kf2
h5 34. Ke3 Rb7 35. a4 Rbd7 36. Rb5 Kf8 37. Rc8+ Ke7 38. Rb4 Rd8 39. Rc7+ R8d7
40. Rc8 Rd8 41. Rc7+ R5d7 42. Rcc4 Rb7 43. Ke4 g6 44. a5 Rd5 45. axb6 Rxb6 46.
Ra4 Rd7 47. Rc2 Rbb7 48. Rd2 Rdc7 49. Ra5 Rb4 50. Rda2 Rd7 1/2-1/2

[Event "Lewisham International 4th"]
[Site "Catford Cricket Club"]
[Date "1984.09.14"]
[Round "9"]
[White "Walker, Susan K"]
[Black "Gruenberg, Regina"]
[Result "0-1"]
[WhiteElo "1975"]
[BlackElo "1870"]
[PlyCount "72"]
[EventDate "1984.09.04"]
[EventType "swiss"]
[EventRounds "9"]
[EventCountry "ENG"]
[SourceTitle "Giddins, Steve"]

1. e4 c5 2. c3 e6 3. d4 d5 4. e5 b6 5. Bd3 Ne7 6. f4 h5 7. Be3 Nf5 8. Bxf5 exf5
9. Nf3 Ba6 10. Na3 Qd7 11. Kf2 Nc6 12. Qa4 Bd3 13. Rad1 Be4 14. e6 fxe6 15. Ng5
Be7 16. dxc5 bxc5 17. Nb5 Bxg5 18. fxg5 O-O 19. Bxc5 Rfb8 20. Nd4 Rxb2+ 21. Ke1
Ne5 22. Qxd7 Nxd7 23. Bd6 Rxa2 24. Rd2 Ra1+ 25. Rd1 Ra6 26. Bg3 Bxg2 27. Rg1
Ra2 28. Rd2 Rxd2 29. Kxd2 Be4 30. Nxe6 Kf7 31. Nc7 Rb8 32. Ke3 Rb3 33. Kd4 Nb8
34. Nxd5 Nc6+ 35. Kc5 Bxd5 36. g6+ Ke6 0-1